Get the Picture: Four Walters Quiz Stats

 Plays Quiz Updated May 18, 2019

Score 0/20 Timer 03:00
0 Plays Today
Question Answer Wrong Answers
Worked as a basketball player Walt Frazier
94%
Walter White
1.1%
Walt Disney
0.6%
Walter Cronkite
0.6%
Associated with Mickey Mouse Walt Disney
93.7%
Walter White
0.8%
Walt Frazier
0.6%
Walter Cronkite
1.7%
Worked as an animator Walt Disney
93.1%
Walter White
0.8%
Walt Frazier
0.8%
Walter Cronkite
2%
Opened an amusement park Walt Disney
92.7%
Walter White
1%
Walt Frazier
1.1%
Walter Cronkite
1.5%
Led a second life as a drug kingpin Walter White
91.2%
Walt Disney
0.9%
Walt Frazier
3.5%
Walter Cronkite
0.8%
Worked as an anchorman Walter Cronkite
90.3%
Walter White
1%
Walt Disney
2.5%
Walt Frazier
2.6%
Worked as a high school chemistry teacher Walter White
89.6%
Walt Disney
1.9%
Walt Frazier
2%
Walter Cronkite
2.9%
Worked for CBS Walter Cronkite
86.8%
Walter White
2.4%
Walt Disney
3.1%
Walt Frazier
4%
Alter ego is 'Heisenberg' Walter White
85.8%
Walt Disney
3.3%
Walt Frazier
4.5%
Walter Cronkite
2.9%
Catchphrase was 'And that's the way it is' Walter Cronkite
85.4%
Walter White
2%
Walt Disney
4.7%
Walt Frazier
4.5%
Often called 'the most trusted man in America' Walter Cronkite
83%
Walter White
0.8%
Walt Disney
11.5%
Walt Frazier
1.1%
Portrayed by Tom Hanks on film Walt Disney
80.2%
Walter White
4.4%
Walt Frazier
0.9%
Walter Cronkite
11.3%
From New Mexico Walter White
78.9%
Walt Disney
5.1%
Walt Frazier
7.3%
Walter Cronkite
5.3%
Nickname is 'Clyde' Walt Frazier
77.6%
Walter White
7.8%
Walt Disney
4%
Walter Cronkite
6.5%
Won an Academy Award Walt Disney
70.3%
Walter White
21.1%
Walt Frazier
1.2%
Walter Cronkite
4.3%
Was drafted Walt Frazier
60.7%
Walter White
5.7%
Walt Disney
14.1%
Walter Cronkite
16.3%
From Georgia Walt Frazier
58.9%
Walter White
8.7%
Walt Disney
14.5%
Walter Cronkite
14.1%
Went to Southern Illinois University Walt Frazier
53.5%
Walter White
8.2%
Walt Disney
14.1%
Walter Cronkite
20.4%
Had a daughter named Holly Walter White
45%
Walt Disney
27.3%
Walt Frazier
9.3%
Walter Cronkite
14.9%
Born in Missouri Walter Cronkite
37.7%
Walter White
8.8%
Walt Disney
33.6%
Walt Frazier
16%

Today's Daily Dose

Word Ladder
Lean on Me

Get the Picture
Superhero by Villain

You're not logged in!

Compare scores with friends on all Sporcle quizzes.
OR
Log In

Sporcle TV

Today on Sporcle TV


Watch our educational content, quiz creation guides, and fun videos on Sporcle TV.

Show Comments

Extras

Top Quizzes Today


Score Distribution

Your Account Isn't Verified!

In order to create a playlist on Sporcle, you need to verify the email address you used during registration. Go to your Sporcle Settings to finish the process.

Report this User

Report this user for behavior that violates our Community Guidelines.

Details: